Fondové riešenia vo švédskom dôchodkovom systéme
Kapitálové aktíva investované do švédskeho verejne financovaného národného dôchodkového systému . Nárazníkové fondy vo švédskej praxi. Bilancia švédskeho dôchodkového systému a úloha nárazníkových fondov. Riešenie pre neaktívnych dôchodkových sporiteľov vo FDC časti švédskeho systému.
Guardado en:
| Autor principal: | |
|---|---|
| Formato: | Capítulo de libro |
| Lenguaje: | eslovaco |
| Materias: | |
| Etiquetas: |
Sin Etiquetas, Sea el primero en etiquetar este registro!
|
MARC
| LEADER | 00000nla$a2200000$$$4500 | ||
|---|---|---|---|
| 001 | 0117644 | ||
| 005 | 20231121082121.1 | ||
| 041 | 0 | |a slo | |
| 044 | |a SK | ||
| 245 | 1 | 0 | |a Fondové riešenia vo švédskom dôchodkovom systéme |c Jana Burdová |
| 520 | |a Kapitálové aktíva investované do švédskeho verejne financovaného národného dôchodkového systému . Nárazníkové fondy vo švédskej praxi. Bilancia švédskeho dôchodkového systému a úloha nárazníkových fondov. Riešenie pre neaktívnych dôchodkových sporiteľov vo FDC časti švédskeho systému. | ||
| 610 | 2 | 0 | |a kapitalizácia |
| 610 | 2 | 0 | |a fondy penzijné |
| 610 | 2 | 0 | |a Švédsko |
| 610 | 2 | 0 | |a systémy dôchodkové |
| 610 | 2 | 0 | |a investovanie |
| 100 | 1 | |a Burdová, Jana | |